| 000 | 00356nam a2200145Ia 4500 | ||
|---|---|---|---|
| 008 | 230917s9999||||xx |||||||||||||| ||und|| | ||
| 040 |
_e48193 _aMAIN |
||
| 041 | _aEnglish | ||
| 082 | _a843.8 G361C | ||
| 100 | _aGide, Andre | ||
| 245 | 0 | _aCorydon: Four Socratic dialogues | |
| 260 |
_aLondon _bSecker & Warburg _c1956 |
||
| 300 | _a143 p. | ||
| 942 | _cBK | ||
| 999 |
_c139263 _d139263 |
||